000 01144nam a2200361Ia 4500
001 dia_7312
003 CHAP
005 20251021160638.0
008 220117s2014 xx 000 0 und d
010 _a179040
020 _a978-84-907700-4-7
040 _cCHAP
082 _a664.752 R36 2014
100 _aRamírez Bascuñana, Francisco M.
_9163290
245 _aBases de procesos de pastelería y repostería /
_c Francisco M. Ramírez Bascuñana y Carmen Gregorio Loras
260 _aEspaña :
_b Sintesis,
_c2014
300 _a183 p.
440 0 _aCocina y gastronomía (Síntesis)
_9163291
503 _aC.
504 _aBibliografía: p. [183]
590 _aTX769 R36 2014
650 _aBaked goods
_9149327
650 _aBreadmaking
_9148267
650 _aFabricación de pan
_9148268
650 _aProductos horneados
_9149328
650 _aSponge cakes
_9153271
650 _aTorta de biscocho
_9163292
700 _aGregorio Loras, Carmen, coaut.
_9163293
901 _a664.752 R36 2014
902 _aM
905 _a5232272014 sp aimn8222223322spa16
942 _cLIBRO
_2ddc
999 _c179040
_d179040